{"text_format":"1","workbook":"xlsx","n_sheets":3,"sheets":["Formato","Instructivo de Diligenciamiento","Listas"],"not_rendered":{"charts":0,"images":3,"macros":1,"external_links":0,"defined_names":4,"comments":1,"pivot_tables":0},"unopened":[],"bounds":{"document_bytes":16777216,"sheet_cells":100000,"rows_first":2000,"rows_last":500,"rows_between":2000,"halvings":0,"cell_chars":16384,"cell_head_chars":4096},"cells_cut":0,"cells_raw":0,"read":"whole","date_system":"1900"}

{"sheet":"Formato","index":0,"n_rows":135,"n_cols":17,"rows_kept":135,"cut":false,"hidden":false,"merged":[[116,2,116,3],[116,8,116,9],[116,10,116,11],[116,16,116,17],[114,2,114,3],[114,8,114,9],[114,10,114,11],[114,16,114,17],[115,2,115,3],[115,8,115,9],[115,10,115,11],[115,16,115,17],[112,2,112,3],[112,8,112,9],[112,10,112,11],[112,16,112,17],[113,2,113,3],[113,8,113,9],[113,10,113,11],[113,16,113,17],[110,2,110,3],[110,8,110,9],[110,10,110,11],[110,16,110,17],[111,2,111,3],[111,8,111,9],[111,10,111,11],[111,16,111,17],[108,2,108,3],[108,8,108,9],[108,10,108,11],[108,16,108,17],[109,2,109,3],[109,8,109,9],[109,10,109,11],[109,16,109,17],[106,2,106,3],[106,8,106,9],[106,10,106,11],[106,16,106,17],[107,2,107,3],[107,8,107,9],[107,10,107,11],[107,16,107,17],[104,2,104,3],[104,8,104,9],[104,10,104,11],[104,16,104,17],[105,2,105,3],[105,8,105,9],[105,10,105,11],[105,16,105,17],[102,2,102,3],[102,8,102,9],[102,10,102,11],[102,16,102,17],[103,2,103,3],[103,8,103,9],[103,10,103,11],[103,16,103,17],[100,2,100,3],[100,8,100,9],[100,10,100,11],[100,16,100,17],[101,2,101,3],[101,8,101,9],[101,10,101,11],[101,16,101,17],[98,2,98,3],[98,8,98,9],[98,10,98,11],[98,16,98,17],[99,2,99,3],[99,8,99,9],[99,10,99,11],[99,16,99,17],[96,2,96,3],[96,8,96,9],[96,10,96,11],[96,16,96,17],[97,2,97,3],[97,8,97,9],[97,10,97,11],[97,16,97,17],[94,2,94,3],[94,8,94,9],[94,10,94,11],[94,16,94,17],[95,2,95,3],[95,8,95,9],[95,10,95,11],[95,16,95,17],[92,2,92,3],[92,8,92,9],[92,10,92,11],[92,16,92,17],[93,2,93,3],[93,8,93,9],[93,10,93,11],[93,16,93,17],[90,2,90,3],[90,8,90,9],[90,10,90,11],[90,16,90,17],[91,2,91,3],[91,8,91,9],[91,10,91,11],[91,16,91,17],[88,2,88,3],[88,8,88,9],[88,10,88,11],[88,16,88,17],[89,2,89,3],[89,8,89,9],[89,10,89,11],[89,16,89,17],[86,2,86,3],[86,8,86,9],[86,10,86,11],[86,16,86,17],[87,2,87,3],[87,8,87,9],[87,10,87,11],[87,16,87,17],[84,2,84,3],[84,8,84,9],[84,10,84,11],[84,16,84,17],[85,2,85,3],[85,8,85,9],[85,10,85,11],[85,16,85,17],[82,2,82,3],[82,8,82,9],[82,10,82,11],[82,16,82,17],[83,2,83,3],[83,8,83,9],[83,10,83,11],[83,16,83,17],[80,2,80,3],[80,8,80,9],[80,10,80,11],[80,16,80,17],[81,2,81,3],[81,8,81,9],[81,10,81,11],[81,16,81,17],[78,2,78,3],[78,8,78,9],[78,10,78,11],[78,16,78,17],[79,2,79,3],[79,8,79,9],[79,10,79,11],[79,16,79,17],[76,2,76,3],[76,8,76,9],[76,10,76,11],[76,16,76,17],[77,2,77,3],[77,8,77,9],[77,10,77,11],[77,16,77,17],[74,2,74,3],[74,8,74,9],[74,10,74,11],[74,16,74,17],[75,2,75,3],[75,8,75,9],[75,10,75,11],[75,16,75,17],[72,2,72,3],[72,8,72,9],[72,10,72,11],[72,16,72,17],[73,2,73,3],[73,8,73,9],[73,10,73,11],[73,16,73,17],[70,2,70,3],[70,8,70,9],[70,10,70,11],[70,16,70,17],[71,2,71,3],[71,8,71,9],[71,10,71,11],[71,16,71,17],[68,2,68,3],[68,8,68,9],[68,10,68,11],[68,16,68,17],[69,2,69,3],[69,8,69,9],[69,10,69,11],[69,16,69,17],[66,2,66,3],[66,8,66,9],[66,10,66,11],[66,16,66,17],[67,2,67,3],[67,8,67,9],[67,10,67,11],[67,16,67,17],[64,2,64,3],[64,8,64,9],[64,10,64,11],[64,16,64,17],[65,2,65,3],[65,8,65,9],[65,10,65,11],[65,16,65,17],[62,2,62,3],[62,8,62,9],[62,10,62,11],[62,16,62,17],[63,2,63,3],[63,8,63,9],[63,10,63,11],[63,16,63,17],[60,2,60,3],[60,8,60,9],[60,10,60,11],[60,16,60,17],[61,2,61,3],[61,8,61,9],[61,10,61,11],[61,16,61,17],[58,2,58,3],[58,8,58,9],[58,10,58,11],[58,16,58,17],[59,2,59,3],[59,8,59,9],[59,10,59,11],[59,16,59,17],[56,2,56,3],[56,8,56,9],[56,10,56,11],[56,16,56,17],[57,2,57,3],[57,8,57,9],[57,10,57,11],[57,16,57,17],[54,2,54,3],[54,8,54,9],[54,10,54,11],[54,16,54,17],[55,2,55,3],[55,8,55,9],[55,10,55,11],[55,16,55,17],[52,2,52,3],[52,8,52,9],[52,10,52,11],[52,16,52,17],[53,2,53,3],[53,8,53,9],[53,10,53,11],[53,16,53,17],[50,2,50,3],[50,8,50,9],[50,10,50,11],[50,16,50,17],[51,2,51,3],[51,8,51,9],[51,10,51,11],[51,16,51,17],[48,2,48,3],[48,8,48,9],[48,10,48,11],[48,16,48,17],[49,2,49,3],[49,8,49,9],[49,10,49,11],[49,16,49,17],[46,2,46,3],[46,8,46,9],[46,10,46,11],[46,16,46,17],[47,2,47,3],[47,8,47,9],[47,10,47,11],[47,16,47,17],[44,10,44,11],[44,16,44,17],[45,2,45,3],[45,8,45,9],[45,10,45,11],[45,16,45,17],[42,2,42,3],[42,8,42,9],[42,10,42,11],[42,16,42,17],[43,2,43,3],[43,8,43,9],[43,10,43,11],[43,16,43,17],[1,1,1,13],[7,1,7,2],[11,1,11,2],[23,9,23,13],[25,1,25,2],[25,4,25,5],[25,6,25,8],[25,9,25,10],[25,11,25,13],[11,3,11,9],[9,10,9,11],[9,12,9,13],[2,1,2,13],[13,1,13,13],[4,1,5,3],[4,10,5,11],[4,7,5,9],[4,4,5,5],[15,3,15,7],[27,9,27,10],[21,1,21,13],[7,3,7,9],[9,1,9,2],[9,3,9,7],[7,12,7,13],[23,1,23,2],[23,4,23,8],[19,1,19,13],[27,1,27,2],[27,11,27,13],[17,1,17,13],[27,4,27,8],[15,1,15,2],[35,1,35,9],[29,1,29,2],[29,4,29,5],[29,9,29,10],[33,0,33,17],[35,0,36,0],[36,8,36,9],[36,2,36,3],[36,16,36,17],[36,10,36,11],[35,10,35,17],[29,6,29,8],[29,11,29,13],[37,16,37,17],[118,6,118,7],[118,8,118,9],[37,10,37,11],[37,2,37,3],[37,8,37,9],[38,2,38,3],[38,8,38,9],[38,10,38,11],[38,16,38,17],[39,2,39,3],[39,8,39,9],[39,10,39,11],[39,16,39,17],[40,2,40,3],[40,8,40,9],[40,10,40,11],[40,16,40,17],[41,2,41,3],[41,8,41,9],[41,10,41,11],[41,16,41,17],[44,2,44,3],[44,8,44,9],[121,0,121,17],[125,1,125,4],[125,5,125,7],[125,8,125,11],[126,1,126,4],[126,5,126,7],[126,8,126,11],[123,1,123,4],[123,5,123,7],[123,8,123,11],[124,1,124,4],[124,5,124,7],[124,8,124,11],[133,10,134,14],[133,1,133,3],[133,6,133,8],[134,1,134,3],[134,4,134,5],[134,6,134,8],[128,1,128,3],[128,11,130,13],[131,11,131,13],[131,1,131,3],[131,6,131,8]]}
[]
[null,"FORMATO PARA MODIFICACIÓN DE ÓRDENES DE COMPRA"]
[null,"Tienda Virtual del Estado Colombiano"]
[]
[null,"Número de Orden de Compra a modificar:",null,null,4416,null,null,"Número de modificación de la Orden de Compra:",null,null,7]
[]
[]
[null,"Entidad Compradora:",null,"DEPARTAMENTO ADMINISTRATIVO PARA LA PROSPERIDAD SOCIAL",null,null,null,null,null,null,null,"NIT:","900.039,533-8"]
[]
[null,"Nombre del solicitante:",null,"JULIAN TORRES JIMENEZ",null,null,null,null,null,null,"Teléfono de contacto:",null,5960800]
[]
[null,"Proveedor :",null,"BANCO AGRARIO DE COLOMBIA S.A."]
[]
[null,"Sección 1: Tipo de acción"]
[]
[null,"Tipo",null,"Modificación de la Orden de Compra"]
[]
[null,"Sección 2: Justificación de la modificación o de las acciones a realizar"]
[]
[null,"Se solicita la compensación entre el numero de cantidades establecidas para algunos municipios detallados en la orden de compra,  para 40 Municipios focalizados del programa Jóvenes en  Acción - JeA, toda vez que los participantes en estos Municipios vienen cumpliendo con el logro de las competencias de aprendizaje y el desempeño académico requeridos para el giro del incentivo económico que el Programa reconoce."]
[]
[null,"Sección 3:  Modificación información general"]
[]
[null,"Nombre del campo",null,"¿Requiere modificación Si/No?","Datos actuales",null,null,null,null,"Nuevos datos"]
[]
[null,"Actualizar supervisor",null,"NO","Nombre del supervisor actual",null,0,null,null,"Nombre nuevo supervisor"]
[]
[null,"Fecha de vencimiento",null,"NO","   La fecha vencimiento actual se tomará de la TVEC al momento del cambio",null,null,null,null,"Nueva fecha de vencimiento"]
[]
[null,"Dirección y/o teléfono",null,"NO","Dirección / teléfono actual",null,0,null,null,"Nueva dirección / teléfono"]
[]
[null,null,null,"NO",null,null,0]
[]
["Sección 4: Modificación de artículos y servicios"]
[]
["Tipo de modificación","Información actual",null,null,null,null,null,null,null,null,"Nueva información"]
[null,"Número de la línea según O.C.","Nombre del artículo",null,"Cantidad","Unidad de medida","Precio unitario","Total","Información presupuestal",null,"Nombre del artículo",null,"Cantidad","Unidad de medida","Precio unitario","Total","Información presupuestal"]
["Eliminar artículo o servicio",100,"SF TIPO 4 - 5088 - BELLO - BENEFICIARIOS: 33",null,551,"Unidad  ",4640,{"$f":"ROUND(E38*G38, 2)","v":2556640},57615,null,"No aplica",null,"No aplica","No aplica","No aplica",0,"No aplica"]
["Eliminar artículo o servicio",101,"SF TIPO 4 -5129- CALDAS - BENEFICIARIOS: 177",null,1360,"Unidad ",4640,6310400,57615,null,"No aplica",null,"No aplica","No aplica","No aplica",0,"No aplica"]
["Eliminar artículo o servicio",102,"SF TIPO 4 - 5154 - CAUCASIA - BENEFICIARIOS: 17",null,3675,"Unidad",4640,17052000,57615,null,"No aplica",null,"No aplica","No aplica","No aplica",0,"No aplica"]
["Eliminar artículo o servicio",103,"SF TIPO 4 - 5172 - CHIGORODO - BENEFICIARIOS: 84",null,657,"Unidad",4640,3048480,57615,null,"No aplica",null,"No aplica","No aplica","No aplica",0,"No aplica"]
["Eliminar artículo o servicio",104,"SF TIPO 4 - 5190 - CISNEROS - BENEFICIARIOS:26",null,256,"Unidad",4640,1187840,57615,null,"No aplica",null,"No aplica","No aplica","No aplica",0,"No aplica"]
["Eliminar artículo o servicio",105,"SF TIPO 4 - 5266 -ENVIGADO - BENEFICIARIOS: 17",null,220,"Unidad",4640,1020800,57615,null,"No aplica",null,"No aplica","No aplica","No aplica",0,"No aplica"]
["Eliminar artículo o servicio",106,"SF TIPO 4 - 5360 - ITAGUI - BENEFICIARIOS:493",null,3336,"Unidad",4640,15479040,57615,null,"No aplica",null,"No aplica","No aplica","No aplica",0,"No aplica"]
["Eliminar artículo o servicio",107,"SF TIPO 4 - 5361 - ITUANGO - BENEFICIARIOS: 3",null,41,"Unidad",4640,190240,57615,null,"No aplica",null,"No aplica","No aplica","No aplica",0,"No aplica"]
["Eliminar artículo o servicio",108,"SF TIPO 4 - 5615 - RIONEGRO - BENEFICIARIOS:404",null,2850,"Unidad",4640,13224000,57615,null,"No aplica",null,"No aplica","No aplica","No aplica",0,"No aplica"]
["Eliminar artículo o servicio",109,"SF TIPO 4 - 5756 - SONSON - BENEFICIARIOS:1",null,18,"Unidad",4640,83520,57615,null,"No aplica",null,"No aplica","No aplica","No aplica",0,"No aplica"]
["Eliminar artículo o servicio",110,"SF TIPO 4 - 5837 - TURBO - BENEFICIARIOS:211",null,3031,"Unidad",4640,14063840,57615,null,"No aplica",null,"No aplica","No aplica","No aplica",0,"No aplica"]
["Eliminar artículo o servicio",111,"SF TIPO 4 - 8758 - SOLEDAD - BENEFICIARIOS:12",null,284,"Unidad",4640,1317760,57615,null,"No aplica",null,"No aplica","No aplica","No aplica",0,"No aplica"]
["Eliminar artículo o servicio",112,"SF TIPO 4 - 11001 - BOGOTA - BENEFICIARIOS:11514",null,82737,"Unidad",4640,383899680,57615,null,"No aplica",null,"No aplica","No aplica","No aplica",0,"No aplica"]
["Eliminar artículo o servicio",113,"SF TIPO 4 - 13430 - MAGANGUE - BENEFICIARIOS:3",null,948,"Unidad",4640,4398720,57615,null,"No aplica",null,"No aplica","No aplica","No aplica",0,"No aplica"]
["Eliminar artículo o servicio",114,"SF TIPO 4 - 15176 - CHIQUINQUIRA - BENEFICIARIOS:225",null,1559,"Unidad",4640,7233760,57615,null,"No aplica",null,"No aplica","No aplica","No aplica",0,"No aplica"]
["Eliminar artículo o servicio",115,"SF TIPO 4 - 15238 - DUITAMA - BENEFICIARIOS:487",null,3055,"Unidad",4640,14175200,57615,null,"No aplica",null,"No aplica","No aplica","No aplica",0,"No aplica"]
["Eliminar artículo o servicio",116,"SF TIPO 4 - 17380 - LA DORADA - BENEFICIARIOS:7",null,782,"Unidad",4640,3628480,57615,null,"No aplica",null,"No aplica","No aplica","No aplica",0,"No aplica"]
["Eliminar artículo o servicio",117,"SF TIPO 4 - 20011 - AGUACHICA - BENEFICIARIOS:323",null,3500,"Unidad",4640,16240000,57615,null,"No aplica",null,"No aplica","No aplica","No aplica",0,"No aplica"]
["Eliminar artículo o servicio",118,"SF TIPO 4 - 20013 - AGUSTIN CODAZZI - BENEFICIARIOS:94",null,654,"Unidad",4640,3034560,57615,null,"No aplica",null,"No aplica","No aplica","No aplica",0,"No aplica"]
["Eliminar artículo o servicio",119,"SF TIPO 4 - 25269 - FACATATIVA - BENEFICIARIOS:4",null,200,"Unidad",4640,928000,57615,null,"No aplica",null,"No aplica","No aplica","No aplica",0,"No aplica"]
["Eliminar artículo o servicio",120,"SF TIPO 4 - 25320 - GUADUAS - BENEFICIARIOS:16",null,179,"Unidad",4640,830560,57615,null,"No aplica",null,"No aplica","No aplica","No aplica",0,"No aplica"]
["Eliminar artículo o servicio",121,"SF TIPO 4 - 25473 - MOSQUERA - BENEFICIARIOS: 86",null,2839,"Unidad",4640,13172960,57615,null,"No aplica",null,"No aplica","No aplica","No aplica",0,"No aplica"]
["Eliminar artículo o servicio",122,"SF TIPO 4 - 25875 - VILLETA - BENEFICIARIOS: 57",null,1606,"Unidad",4640,7451840,57615,null,"No aplica",null,"No aplica","No aplica","No aplica",0,"No aplica"]
["Eliminar artículo o servicio",123,"SF TIPO 4 - 27001 - QUIBDO - BENEFICIARIOS:1335",null,8489,"Unidad",4640,39388960,57615,null,"No aplica",null,"No aplica","No aplica","No aplica",0,"No aplica"]
["Eliminar artículo o servicio",124,"SF TIPO 4 - 41132 - CAMPOALEGRE - BENEFICIARIOS: 17",null,977,"Unidad",4640,4533280,57615,null,"No aplica",null,"No aplica","No aplica","No aplica",0,"No aplica"]
["Eliminar artículo o servicio",125,"SF TIPO 4 - 44001 - RIOHACHA - BENEFICIARIOS: 2139",null,13553,"Unidad",4640,62885920,57615,null,"No aplica",null,"No aplica","No aplica","No aplica",0,"No aplica"]
["Eliminar artículo o servicio",126,"SF TIPO 4 - 54001 - CUCUTA - BENEFICIARIOS: 5995",null,52031,"Unidad",4640,241423840,57615,null,"No aplica",null,"No aplica","No aplica","No aplica",0,"No aplica"]
["Eliminar artículo o servicio",127,"SF TIPO 4 - 68001 - BUCARAMANGA - BENEFICIARIOS: 1537",null,18209,"Unidad",4640,84489760,57615,null,"No aplica",null,"No aplica","No aplica","No aplica",0,"No aplica"]
["Eliminar artículo o servicio",128,"SF TIPO 4 - 68276 - FLORIDABLANCA - BENEFICIARIOS: 20",null,1612,"Unidad",4640,7479680,57615,null,"No aplica",null,"No aplica","No aplica","No aplica",0,"No aplica"]
["Eliminar artículo o servicio",129,"SF TIPO 4 - 68432 - MALAGA - BENEFICIARIOS: 34",null,1433,"Unidad",4640,6649120,57615,null,"No aplica",null,"No aplica","No aplica","No aplica",0,"No aplica"]
["Eliminar artículo o servicio",130,"SF TIPO 4 - 68547 - PIEDECUESTA - BENEFICIARIOS: 126",null,2164,"Unidad",4640,10040960,57615,null,"No aplica",null,"No aplica","No aplica","No aplica",0,"No aplica"]
["Eliminar artículo o servicio",131,"SF TIPO 4 - 68679 - SAN GIL - BENEFICIARIOS: 93",null,2473,"Unidad",4640,11474720,57615,null,"No aplica",null,"No aplica","No aplica","No aplica",0,"No aplica"]
["Eliminar artículo o servicio",132,"SF TIPO 4 - 68861 - VELEZ - BENEFICIARIOS: 70",null,2018,"Unidad",4640,{"$f":"ROUND(E70*G70, 2)","v":9363520},57615,null,"No aplica",null,"No aplica","No aplica","No aplica",0,"No aplica"]
["Eliminar artículo o servicio",133,"SF TIPO 4 - 70820 - SANTIAGO DE TOLU - BENEFICIARIOS: 70",null,47,"Unidad",4640,218080,57615,null,"No aplica",null,"No aplica","No aplica","No aplica",0,"No aplica"]
["Eliminar artículo o servicio",134,"SF TIPO 4 - 76001 - CALI - BENEFICIARIOS: 5586",null,35804,"Unidad",4640,166130560,57615,null,"No aplica",null,"No aplica","No aplica","No aplica",0,"No aplica"]
["Eliminar artículo o servicio",135,"SF TIPO 4 - 76111 - GUADALAJARA DE BUGA - BENEFICIARIOS: 645",null,5167,"Unidad",4640,23974880,57615,null,"No aplica",null,"No aplica","No aplica","No aplica",0,"No aplica"]
["Eliminar artículo o servicio",136,"SF TIPO 4 - 81001 - ARAUCA - BENEFICIARIOS: 304",null,1866,"Unidad",4640,8658240,57615,null,"No aplica",null,"No aplica","No aplica","No aplica",0,"No aplica"]
["Eliminar artículo o servicio",137,"SF TIPO 4 - 86568 - PUERTO ASIS - BENEFICIARIOS: 440",null,3011,"Unidad",4640,13971040,57615,null,"No aplica",null,"No aplica","No aplica","No aplica",0,"No aplica"]
["Eliminar artículo o servicio",138,"SF TIPO 4 - 86749 - SIBUNDOY - BENEFICIARIOS: 13",null,152,"Unidad",4640,705280,57615,null,"No aplica",null,"No aplica","No aplica","No aplica",0,"No aplica"]
["Eliminar artículo o servicio",139,"SF TIPO 4 - 91001 - LETICIA - BENEFICIARIOS: 89",null,540,"Unidad",4640,2505600,57615,null,"No aplica",null,"No aplica","No aplica","No aplica",0,"No aplica"]
["Modificación de artículo o servicio",3,"SF Tipo 4 - 5088 - BELLO - Beneficiarios: 33",null,198,"Unidad",4640,918720,57615,null,{"$f":"C78","v":"SF Tipo 4 - 5088 - BELLO - Beneficiarios: 33"},null,551,"Unidad  ",4640,{"$f":"ROUND(M78*O78, 2)","v":2556640},57615]
["Modificación de artículo o servicio",4,"SF Tipo 4 - 5129 - CALDAS - Beneficiarios: 177",null,1062,"Unidad",4640,4927680,57615,null,"SF Tipo 4 - 5129 - CALDAS - Beneficiarios: 177",null,1360,"Unidad",4640,6310400,57615]
["Modificación de artículo o servicio",5,"SF Tipo 4 - 5154 - CAUCASIA - Beneficiarios: 17",null,102,"Unidad",4640,473280,57615,null,"SF Tipo 4 - 5154 - CAUCASIA - Beneficiarios: 17",null,3675,"Unidad",4640,17052000,57615]
["Modificación de artículo o servicio",6,"SF Tipo 4 - 5172 - CHIGORODO - Beneficiarios: 84",null,504,"Unidad",4640,2338560,57615,null,"SF Tipo 4 - 5172 - CHIGORODO - Beneficiarios: 84",null,657,"Unidad",4640,3048480,57615]
["Modificación de artículo o servicio",7,"SF Tipo 4 - 5190 - CISNEROS - Beneficiarios: 26",null,156,"Unidad",4640,723840,57615,null,"SF Tipo 4 - 5190 - CISNEROS - Beneficiarios: 26",null,256,"Unidad",4640,1187840,57615]
["Modificación de artículo o servicio",8,"SF Tipo 4 - 5266 - ENVIGADO - Beneficiarios: 17",null,102,"Unidad",4640,473280,57615,null,"SF Tipo 4 - 5266 - ENVIGADO - Beneficiarios: 17",null,220,"Unidad",4640,1020800,57615]
["Modificación de artículo o servicio",9,"SF Tipo 4 - 5360 - ITAGUI - Beneficiarios: 493",null,2958,"Unidad",4640,13725120,57615,null,"SF Tipo 4 - 5360 - ITAGUI - Beneficiarios: 493",null,3336,"Unidad",4640,15479040,57615]
["Modificación de artículo o servicio",10,"SF Tipo 4 - 5361 - ITUANGO - Beneficiarios: 3",null,18,"Unidad",4640,83520,57615,null,"SF Tipo 4 - 5361 - ITUANGO - Beneficiarios: 3",null,41,"Unidad",4640,190240,57615]
["Modificación de artículo o servicio",11,"SF Tipo 4 - 5615 - RIONEGRO - Beneficiarios: 404",null,2424,"Unidad",4640,11247360,57615,null,"SF Tipo 4 - 5615 - RIONEGRO - Beneficiarios: 404",null,2850,"Unidad",4640,13224000,57615]
["Modificación de artículo o servicio",12,"SF Tipo 4 - 5756 - SONSON - Beneficiarios: 1",null,6,"Unidad",4640,27840,57615,null,"SF Tipo 4 - 5756 - SONSON - Beneficiarios: 1",null,18,"Unidad",4640,83520,57615]
["Modificación de artículo o servicio",13,"SF Tipo 4 - 5837 - TURBO - Beneficiarios: 211",null,1266,"Unidad",4640,5874240,57615,null,"SF Tipo 4 - 5837 - TURBO - Beneficiarios: 211",null,3031,"Unidad",4640,14063840,57615]
["Modificación de artículo o servicio",16,"SF Tipo 4 - 8758 - SOLEDAD - Beneficiarios: 12",null,72,"Unidad",4640,334080,57615,null,"SF Tipo 4 - 8758 - SOLEDAD - Beneficiarios: 12",null,284,"Unidad",4640,1317760,57615]
["Modificación de artículo o servicio",17,"SF Tipo 4 - 11001 - BOGOTA, D.C. - Beneficiarios: 11514",null,69084,"Unidad",4640,320549760,57615,null,"SF Tipo 4 - 11001 - BOGOTA, D.C. - Beneficiarios: 11514",null,82737,"Unidad",4640,383899680,57615]
["Modificación de artículo o servicio",19,"SF Tipo 4 - 13430 - MAGANGUE - Beneficiarios: 3",null,18,"Unidad",4640,83520,57615,null,"SF Tipo 4 - 13430 - MAGANGUE - Beneficiarios: 3",null,948,"Unidad",4640,4398720,57615]
["Modificación de artículo o servicio",21,"SF Tipo 4 - 15176 - CHIQUINQUIRA - Beneficiarios: 225",null,1350,"Unidad",4640,6264000,57615,null,"SF Tipo 4 - 15176 - CHIQUINQUIRA - Beneficiarios: 225",null,1559,"Unidad",4640,7233760,57615]
["Modificación de artículo o servicio",22,"SF Tipo 4 - 15238 - DUITAMA - Beneficiarios: 487",null,2922,"Unidad",4640,13558080,57615,null,"SF Tipo 4 - 15238 - DUITAMA - Beneficiarios: 487",null,3055,"Unidad",4640,14175200,57615]
["Modificación de artículo o servicio",25,"SF Tipo 4 - 17380 - LA DORADA - Beneficiarios: 7",null,42,"Unidad",4640,194880,57615,null,"SF Tipo 4 - 17380 - LA DORADA - Beneficiarios: 7",null,782,"Unidad",4640,3628480,57615]
["Modificación de artículo o servicio",29,"SF Tipo 4 - 20011 - AGUACHICA - Beneficiarios: 323",null,1938,"Unidad",4640,8992320,57615,null,"SF Tipo 4 - 20011 - AGUACHICA - Beneficiarios: 323",null,3500,"Unidad",4640,16240000,57615]
["Modificación de artículo o servicio",30,"SF Tipo 4 - 20013 - AGUSTIN CODAZZI - Beneficiarios: 94",null,564,"Unidad",4640,2616960,57615,null,"SF Tipo 4 - 20013 - AGUSTIN CODAZZI - Beneficiarios: 94",null,654,"Unidad",4640,3034560,57615]
["Modificación de artículo o servicio",34,"SF Tipo 4 - 25269 - FACATATIVA - Beneficiarios: 4",null,24,"Unidad",4640,111360,57615,null,"SF Tipo 4 - 25269 - FACATATIVA - Beneficiarios: 4",null,200,"Unidad",4640,928000,57615]
["Modificación de artículo o servicio",37,"SF Tipo 4 - 25320 - GUADUAS - Beneficiarios: 16",null,96,"Unidad",4640,445440,57615,null,"SF Tipo 4 - 25320 - GUADUAS - Beneficiarios: 16",null,179,"Unidad",4640,830560,57615]
["Modificación de artículo o servicio",38,"SF Tipo 4 - 25473 - MOSQUERA - Beneficiarios: 86",null,516,"Unidad",4640,2394240,57615,null,"SF Tipo 4 - 25473 - MOSQUERA - Beneficiarios: 86",null,2839,"Unidad",4640,13172960,57615]
["Modificación de artículo o servicio",40,"SF Tipo 4 - 25875 - VILLETA - Beneficiarios: 57",null,342,"Unidad",4640,1586880,57615,null,"SF Tipo 4 - 25875 - VILLETA - Beneficiarios: 57",null,1606,"Unidad",4640,7451840,57615]
["Modificación de artículo o servicio",41,"SF Tipo 4 - 27001 - QUIBDO - Beneficiarios: 1335",null,8010,"Unidad",4640,37166400,57615,null,"SF Tipo 4 - 27001 - QUIBDO - Beneficiarios: 1335",null,8489,"Unidad",4640,39388960,57615]
["Modificación de artículo o servicio",43,"SF Tipo 4 - 41132 - CAMPOALEGRE - Beneficiarios: 17",null,102,"Unidad",4640,{"$f":"ROUND(E102*G102, 2)","v":473280},57615,null,"SF Tipo 4 - 41132 - CAMPOALEGRE - Beneficiarios: 17",null,977,"Unidad",4640,4533280,57615]
["Modificación de artículo o servicio",47,"SF Tipo 4 - 44001 - RIOHACHA - Beneficiarios: 2139",null,12834,"Unidad",4640,59549760,57615,null,"SF Tipo 4 - 44001 - RIOHACHA - Beneficiarios: 2139",null,13553,"Unidad",4640,62885920,57615]
["Modificación de artículo o servicio",56,"SF Tipo 4 - 54001 - CUCUTA - Beneficiarios: 5995",null,35970,"Unidad",4640,166900800,57615,null,"SF Tipo 4 - 54001 - CUCUTA - Beneficiarios: 5995",null,52031,"Unidad",4640,241423840,57615]
["Modificación de artículo o servicio",62,"SF Tipo 4 - 68001 - BUCARAMANGA - Beneficiarios: 1537",null,9222,"Unidad",4640,42790080,57615,null,"SF Tipo 4 - 68001 - BUCARAMANGA - Beneficiarios: 1537",null,18209,"Unidad",4640,84489760,57615]
["Modificación de artículo o servicio",64,"SF Tipo 4 - 68276 - FLORIDABLANCA - Beneficiarios: 20",null,120,"Unidad",4640,556800,57615,null,"SF Tipo 4 - 68276 - FLORIDABLANCA - Beneficiarios: 20",null,1612,"Unidad",4640,7479680,57615]
["Modificación de artículo o servicio",66,"SF Tipo 4 - 68432 - MALAGA - Beneficiarios: 34",null,204,"Unidad",4640,946560,57615,null,"SF Tipo 4 - 68432 - MALAGA - Beneficiarios: 34",null,1433,"Unidad",4640,6649120,57615]
["Modificación de artículo o servicio",67,"SF Tipo 4 - 68547 - PIEDECUESTA - Beneficiarios: 126",null,756,"Unidad",4640,3507840,57615,null,"SF Tipo 4 - 68547 - PIEDECUESTA - Beneficiarios: 126",null,2164,"Unidad",4640,10040960,57615]
["Modificación de artículo o servicio",68,"SF Tipo 4 - 68679 - SAN GIL - Beneficiarios: 93",null,558,"Unidad",4640,2589120,57615,null,"SF Tipo 4 - 68679 - SAN GIL - Beneficiarios: 93",null,2473,"Unidad",4640,11474720,57615]
["Modificación de artículo o servicio",69,"SF Tipo 4 - 68861 - VELEZ - Beneficiarios: 70",null,420,"Unidad",4640,1948800,57615,null,"SF Tipo 4 - 68861 - VELEZ - Beneficiarios: 70",null,2018,"Unidad",4640,9363520,57615]
["Modificación de artículo o servicio",71,"SF Tipo 4 - 70820 - SANTIAGO DE TOLU - Beneficiarios: 3",null,18,"Unidad",4640,83520,57615,null,"SF Tipo 4 - 70820 - SANTIAGO DE TOLU - Beneficiarios: 3",null,47,"Unidad",4640,218080,57615]
["Modificación de artículo o servicio",74,"SF Tipo 4 - 76001 - CALI - Beneficiarios: 5586",null,33516,"Unidad",4640,155514240,57615,null,"SF Tipo 4 - 76001 - CALI - Beneficiarios: 5586",null,35804,"Unidad",4640,166130560,57615]
["Modificación de artículo o servicio",76,"SF Tipo 4 - 76111 - GUADALAJARA DE BUGA - Beneficiarios: 645",null,3870,"Unidad",4640,17956800,57615,null,"SF Tipo 4 - 76111 - GUADALAJARA DE BUGA - Beneficiarios: 645",null,5167,"Unidad",4640,23974880,57615]
["Modificación de artículo o servicio",79,"SF Tipo 4 - 81001 - ARAUCA - Beneficiarios: 304",null,1824,"Unidad",4640,8463360,57615,null,"SF Tipo 4 - 81001 - ARAUCA - Beneficiarios: 304",null,1866,"Unidad",4640,8658240,57615]
["Modificación de artículo o servicio",82,"SF Tipo 4 - 86568 - PUERTO ASIS - Beneficiarios: 440",null,2640,"Unidad",4640,12249600,57615,null,"SF Tipo 4 - 86568 - PUERTO ASIS - Beneficiarios: 440",null,3011,"Unidad",4640,13971040,57615]
["Modificación de artículo o servicio",83,"SF Tipo 4 - 86749 - SIBUNDOY - Beneficiarios: 13",null,78,"Unidad",4640,361920,57615,null,"SF Tipo 4 - 86749 - SIBUNDOY - Beneficiarios: 13",null,152,"Unidad",4640,705280,57615]
["Modificación de artículo o servicio",85,"SF Tipo 4 - 91001 - LETICIA - Beneficiarios: 89",null,534,"Unidad",4640,2477760,57615,null,"SF Tipo 4 - 91001 - LETICIA - Beneficiarios: 89",null,540,"Unidad",4640,2505600,57615]
[]
[null,null,null,null,null,null,"Cantidad de celdas a agregar:",null,79]
[]
[]
["Sección 5: Resultados de la modificación"]
[]
["Número de la línea según O.C.","Nombre del artículo",null,null,null,"Valores actuales",null,null,"Nuevos valores"]
[98,"Valor de la línea IVA en la Orden de Compra:",null,null,null,{"$f":"ROUND(M125, 2)","v":638115072},null,null,638115072,null,null,null,638115072]
[null,"Valor de la línea AIU en la Orden de Compra:"]
[null,"Valor de la línea gravámenes adicionales en la Orden de Compra:"]
[]
[null,null,null,null,null,null,null,null,null,null,null,"2016-10-03"]
[]
[]
[null,"Firma ordenador del gasto",null,null,null,null,"Firma de Proveedor",null,null,null,null,"Fecha de elaboración"]
[]
["Nombre:","NAZLY TATIANA PINZÓN USECHE",null,null,null,"Nombre:","MONICA SANTAMARIA SALAMANCA",null,null,null,"Las partes manifestamos que este mismo documento se cargará en la plataforma en formato Excel (.xlsm) y los cambios se pueden validar con el mismo."]
["Documento de Identidad:",33376056,null,null,"Documento de Identidad:",null,35462826]

{"sheet":"Instructivo de Diligenciamiento","index":1,"n_rows":4,"n_cols":2,"rows_kept":4,"cut":false,"hidden":false,"merged":[[3,1,82,10]]}
[]
[]
[]
[null,"Instrucciones de diligenciamiento:\n\nColombia Compra Eficiente ha diseñado este formato para que las Entidades Compradoras puedan realizar aclaraciones, modificaciones o  cancelaciones de las Órdenes de Compra que estén en ejecución y vigentes, o liquidaciones  de las Órdenes de Compra que estén ejecutadas. Para ello debe indicar:\n\nDatos generales: Datos básicos como número de la Orden de Compra que requiere cambiar, número consecutivo de solicitud tenga en cuenta que la primera solicitud corresponderá a la número “1”, nombre de la Entidad Compradora, nombre de la persona que solicita las acciones, celular o número de teléfono y extensión, NIT de la Entidad Compradora y el nombre del Proveedor que ejecuta la Orden de Compra.\n\nSección 1. Tipo de acción: Las Entidades pueden solicitar cuatro tipos de acciones respecto de las Órdenes de Compra:\n\n(i) Aclaraciones: Son las indicaciones de cambio de información que no afectan el plazo, el valor o las condiciones contractuales de las Órdenes de Compra como: redacción en las condiciones de entrega, errores de digitación  o rectificación de la fecha de vencimiento. Estas aclaraciones no requieren de la aceptación del Proveedor. Sin embargo una vez realizada la aclaración en la Orden de Compra, la Entidad Compradora debe notificarle al Proveedor el cambio. \n\n(ii) Modificaciones: Son indicaciones de cambio en aumento o disminución de valor o plazo,  aumento o disminución de los bienes o servicios solicitados, cambios en las condiciones de ejecución o datos que afecten la ejecución de la Orden de Compra. Solo en los casos de cambio de supervisor y datos de notificación como dirección o teléfono se puede omitir la firma del Proveedor. Sin embargo una vez realizada la modificación, la Entidad Compradora debe notificarle al Proveedor el cambio.\n\n(iii) Cancelación: Es la manifestación de la Entidad de no ejecutar la totalidad de la Orden de Compra la cual también debe ser aceptada por el Proveedor.\n\n(iv) Liquidación: Es el ajuste formal y definitivo de las obligaciones derivadas de la Orden de Compra para establecer las acreencias pendientes a favor o en contra de cada parte de la Orden de Compra, así como para aclarar la ejecución de la misma. Se efectúa, cuando aplique, dentro de los términos establecidos en cada Acuerdo Marco de Precios. Se requiere la solicitud por parte de la Entidad Compradora firmada por el Ordenador del Gasto y el representante legal del Proveedor, así como el informe del supervisor de la Orden de Compra. \n\nSección 2.  Justificación: Las razones de la realización del cambio o la cancelación de la Orden de Compra.\n\nSección 3. Especificar las modificaciones solicitadas a la información general de la Orden de Compra o la modificación detallada de los bienes y servicios así:\n\nSección 4. Modificación o aclaración de información general: Modificaciones o aclaraciones a: (a) nombre del supervisor; (b) fecha de vencimiento de la Orden de Compra; o; (c) dirección y/o teléfono de la Entidad Compradora, en todos los campos debe diligenciar la información actual  excepto la fecha actual la cual se tomará la que este en la TVEC en la Orden de Compra y los nueva información.\n\nTenga en cuenta:\n\nLas correcciones en el plazo de ejecución son diferentes a las modificaciones en el plazo, ejemplo: la Entidad Compradora adquirió elementos con tres entregas parciales pero digitó como fecha final de la Orden de Compra la fecha de la primera entrega, para corregir esto la Entidad Compradora selecciona en tipo de acción: aclaración y en el campo de fecha de vencimiento indica la fecha correcta. En el caso que fuera cambio de fecha fin, ejemplo: prorrogar o disminuir varios meses la ejecución de la Orden de Compra se utiliza en tipo de acción: modificación.\n\nPara el desarrollo de las siguientes secciones la guia de compra de aseo y cafeteria contiene ejemplos detallados ingrese al http://www.colombiacompra.gov.co/tienda-virtual-del-estado-colombiano/servicios-generales/servicio-integral-de-aseo-y-cafeteria\n\n(ii) Modificación de los artículos y/o servicios: En esta sección la Entidad Compradora puede agregar tantas filas como artículos requiera modificar haciendo clic en el botón de Agregar registro o Eliminar registro, para cada línea seleccione:\n\n(a) Modificaciones a los artículos o servicios: Adicionar o disminuir en cantidades un producto que fue adquirido en la Orden de Compra inicial. La Entidad debe diligenciar los siete (7) campos de “información actual” y  para modificar artículos la Entidad Compradora debe diligenciar los seis (6) campos de “nueva información”.\n\n(b) Agregar nuevos artículos o servicios: Ingresar nuevos artículos que no se tenían contemplados en la Orden de Compra inicial. La Entidad Compradora debe previamente solicitarle al Proveedor el precio del artículo, el cual debe respetar lo dispuesto en el contrato correspondiente (precio techo, precio piso, etc.) y la Entidad Compradora lo debe indicar en el formato en los campos de “nueva información”.\n\n (c) Eliminar artículos o servicios: Descartar artículos que la Entidad Compradora determine que no va a requerir durante la ejecución de la Orden de Compra. Para eliminar artículos la Entidad debe diligenciar únicamente los siete (7) campos de “información actual”.\n\nTenga en cuenta:\n\n• Los valores y cantidades solo pueden tener hasta dos decimales.\n• La decisión de modificar, adicionar o combinar las dos opciones dependerá de las necesidades de cada Entidad Compradora, ejemplo si es un servicio y adicionalmente solo requiere modificar “cantidad” se recomienda seleccionar “modificación de artículo”, cuando son bienes puede modificar cualquiera de los demás campos.\n• Si requiere cambio de condiciones de un servicio ya ejecutado se recomienda modificar la línea para que se refleje la parte ejecutada y adicionar una nueva línea para las nuevas condiciones del servicio que va a ejecutar.\n\nSección 5. Resultados de la modificación: La entidad siempre debe indicar en el recuadro el valor total del IVA, AIU, gravámenes adicionales, estos campos serán los valores finales que quedarán en la Orden de Compra después de la modificación, tenga en cuenta que el campo de IVA no aplica para algunos AMP como: papelería, vehículos y SOAT y que el campo de AIU solo aplica para aseo y cafetería.\n\nFirmas del documento: El ordenador del gasto de la Entidad Compradora debe firmar el documento y enviarlo al Proveedor para que lo acepte y firme, en caso de que así se requiera. El documento firmado debe ser enviado a través del aplicativo dispuesto por   Colombia Compra Eficiente para realizar las acciones solicitadas.\n\nFecha de elaboración del documento: Corresponde a la fecha en la que la Entidad Compradora y el Proveedor llegaron a un acuerdo para realizar las acciones y se suscribe el documento, recuerde que para poder realizar modificaciones en las Órdenes de Compra las mismas se deben acordar dentro de la vigencia de la Orden de Compra. \n\nSi la Entidad Compradora requiere agregar archivos que estén relacionados con las acciones a realizar como: copia del CDP y/o aprobación de Vigencia Futura (VF) que soporta la adición, soportes documentales, correos, cartas, etc... debe publicarlos junto con el documento de modificación suscrito en un único archivo .Pdf con alta resolución de escaneo, si el documento no es legible se tomaran los cambios contenidos en el formato Excel, tenga en cuenta que Colombia Compra Eficiente únicamente publicará las modificaciones especificadas en el formato enviado por el aplicativo.\n\n"]

{"sheet":"Listas","index":2,"n_rows":5,"n_cols":3,"rows_kept":5,"cut":false,"hidden":true,"merged":[]}
["TipoDeModificacion",null,"Modificacion"]
["Modificación de la Orden de Compra",null,"Modificación de artículo o servicio"]
["Aclaración a la Orden de Compra",null,"Agregar nuevo artículo o servicio"]
["Cancelación de la Orden de Compra",null,"Eliminar artículo o servicio"]
["Liquidación de la Orden de Compra",null,"Ninguna"]